000
00488nam a2200169Ia 4500
008
090711s9999 xx 000 0 und d
082
_b
18785
100
_a
प्रफुल्लदत्त
245
_a
रेशमी लडया
260
_c
1966
300
_a
120
600
_a
प्रफुल्लदत्त
630
_a
रेशमी लडया
700
_a
प्रफुल्लदत्त
730
_a
रेशमी लडया
942
_c
BOOK
999
_c
289261
_d
289261